000 00591nam a22002057a 4500
003 OSt
005 20241016134607.0
008 220809b ||||| |||| 00| 0 eng d
020 _a9781498760478
040 _cDDC
082 _a621.04 SPE 2019
100 _aSpellman, Frank R.
_916164
245 _aThe Science of Renewable Energy.
250 _a2nd ed.
260 _aBoca Raton :
_bTaylor & Francis, CRC Press;
_c 2019
300 _axix,559p.:
_bill;
_c26cm
504 _aIncludes bibliographical references and index
650 _aRenewable energy sources.
_916165
942 _2ddc
_cBOOK
999 _c7958
_d7958